Podiel Štátnej vedeckej knižnice v Košiciach na rozvoji knihovníctva a bibliografie na Slovensku

Bibliographic Details
Main Author: Rjaško, František, 1953- (Author)
Format: Article
Language:Slovak
PhysicalDescription:Lit. 52 zázn. v slov., češ.
Subjects:

MARC

LEADER 00000nab a2200000 a 4500
001 vtls000285263
003 SK-MaSNL
005 20260421125422.0
008 160204c1987 xo 0 slo
015 |a SNBRA19rr/mm-uuuuu 
035 |a CL0295381 
040 |a SNKBUCL  |b slo  |c SNKBUCL  |e AACR2 
041 0 |a slo 
044 |a xo  |c SK 
080 |a 02.001.5  |2 1981 
080 |a 01.001.5  |2 1981 
080 |a 027.54(437.6)  |2 1981 
100 1 |a Rjaško, František,  |d 1953-  |4 aut  |9 1637396 
245 1 0 |a Podiel Štátnej vedeckej knižnice v Košiciach na rozvoji knihovníctva a bibliografie na Slovensku  |c František Rjaško 
300 |b Lit. 52 zázn. v slov., češ. 
610 2 7 |a Štátna vedecká knižnica v Košiciach  |2 snkbucl  |9 252348 
650 0 7 |a knihovníctvo  |2 snkbucl  |9 1557 
650 0 7 |a bibliografia  |2 snkbucl  |9 24254 
651 7 |a 5403  |2 snkbucl  |9 893808 
655 7 |a články zo zborníkov  |2 snkbucl  |9 166140 
655 7 |a články z odboru knihovníctvo  |2 snkbucl  |9 166141 
773 0 |t Štyridsať rokov v službách vedy, techniky a kultúry  |d Košice : Štátna vedecká knižnica, 1987 
850 |a Slovenská národná knižnica v Martine  |a MTA001 
852 |a SNK  |b KIS3GCP 
958 |a NB 
958 |a RK 
958 |a KL 
992 |a RZB 
999 |c 3212939  |d 3214869